000
00303nam a2200133Ia 4500
100
_a
Jawadekar/W.S.
942
_c
BK
654
_a
management
245
_a
Management Information System
260
_b
Tata Mc Graw hill
_a
New york
_c
1998
082
_a
658.0011
_b
JAW
300
_a
523
546
_a
ENGLISH
999
_c
19220
_d
19220